UBT Library

SQL : (Record no. 661)

000 -LEADER
fixed length control field 00327nam a22001337a 4500
005 - DATE AND TIME OF LATEST TRANSACTION
control field 20160329084950.0
008 - FIXED-LENGTH DATA ELEMENTS--GENERAL INFORMATION
fixed length control field 080729s2009 nyua 001 0 eng
020 ## - INTERNATIONAL STANDARD BOOK NUMBER
International Standard Book Number 9780071548649
020 ## - INTERNATIONAL STANDARD BOOK NUMBER
International Standard Book Number 0071548645
041 0# - LANGUAGE CODE
Language code of text/sound track or separate title eng
080 ## - UNIVERSAL DECIMAL CLASSIFICATION NUMBER
Universal Decimal Classification number 004
245 10 - TITLE STATEMENT
Title SQL :
Statement of responsibility, etc Andy Oppel, Robert Sheldon.
942 ## - ADDED ENTRY ELEMENTS (KOHA)
Source of classification or shelving scheme
Item type Books

No items available.

UBT Library © 2015-2024. All rights reserved University Education for Business and Technology